00726nam a2200193 a 450000100100000000500170001000800410002702000150006804000250008308200160010810000240012424500420014826000440019030000210023459000260025595201140028195201200039599900170051500004420120201002045219.0140609s2004 dr r 000 0 spa d a9993494828 aDO-SdBNPbspacBNPHU axxxxbC957f1 aCruz, Eramis92848813aEl final del silencio /cEramis Cruz. aSanto Domingo :bPunto Mágico,c2004. a171 p. ;c21 cm. aInventariado, 2018/BT 0010718PDaGRbGRcHDd2014-06-09iLF1l0oxxxx C957fp44201-10r2020-06-25w2020-06-25yLFPDZNo se presta 0010718PDaPDbPDcHDd2018-11-16iLF1l0oxxxx C957fp44201-20r2020-06-25te. 2w2020-06-25yLFPDZNo se presta c43690d43690